Die Schicht E3 der Sesselfelsgrotte und die Funde aus dem Abri I am Schulerloch
| Titel: | Die Schicht E3 der Sesselfelsgrotte und die Funde aus dem Abri I am Schulerloch : späte Micoquien-Inventare und ihre Stellung zum Moustérien / vorgelegt von Utz Böhner |
|---|---|
| Verfasser: | |
| Veröffentlicht: | [2006] |
| Umfang: | 1 Online-Ressource |
| Format: | E-Book |
| Sprache: | Deutsch |
| Hochschulschrift: | Dissertation, Friedrich-Alexander-Universität Erlangen-Nürnberg, 2000 |
| RVK-Notation: |
X
alg: 18399149 001A $06000:25-01-07 001B $01999:21-01-25 $t00:51:13.000 001D $06000:25-01-07 001U $0utf8 001X $00 002@ $0Oaxaf 002C $aText $btxt $2rdacontent 002D $aComputermedien $bc $2rdamedia 002E $aOnline-Ressource $bcr $2rdacarrier 003@ $0183991494 003O $0166023341 $aOCoLC 004U $0urn:nbn:de:bvb:29-opus-4437 $S0 006G $0981259677 006U $007,H02,3989 $f20060918 007A $0981259677 $aDNB 009Q $S0 $sca. 14,1 MB $uhttp://www.opus.ub.uni-erlangen.de/opus/volltexte/2006/443/pdf/UtzBoehnerDissertation2006.pdf $xH 009Q $S0 $uhttp://www.opus.ub.uni-erlangen.de/opus/volltexte/2006/443/index.html $xH 009Q $S0 $uhttp://d-nb.info/981259677/34 $xN 010@ $ager 011@ $a2006 $n[2006] 013D $RWissenschaftliche Literatur $#Dissertations, Academic $#Thèses et écrits académiques $74113937-9 $8Hochschulschrift [Ts1] $9085338818 021A $aDie @Schicht E3 der Sesselfelsgrotte und die Funde aus dem Abri I am Schulerloch $dspäte Micoquien-Inventare und ihre Stellung zum Moustérien $hvorgelegt von Utz Böhner 028A $BVerfasser $#Böhner, U. $4aut $7115379576 $8Böhner, Utz$Z1967- [Tp3] $9149595492 034D $a1 Online-Ressource 037C $dDissertation $eFriedrich-Alexander-Universität Erlangen-Nürnberg $f2000 044K $74400429-1 $8Sesselfelsgrotte [Tg1] $9088527700 044K $RMittelpaläolithikum $74466438-2 $8Micoquien [Ts1] $9088948005 044K $RAusgrabung $RBodendenkmal $#Bodenfund $#Bodenfunde $#Archäologische Funde $74071507-3 $8Funde [Tsz] $9085201480 045E $c930 045F $a936.301 $eDDC22ger 045F/01 $a936.301 045Z $8NF 2085 [Tkv] $9410861189 lok: 18399149 3 101B $011-02-09 $t09:51:21.000 101C $011-02-09 101U $0utf8 145S/01 $a039 exp: 18399149 3 1 #EPN 201B/01 $005-11-10 $t10:46:24.000 201U/01 $0utf8 203@/01 $0500218439 204U/01 $0urn:nbn:de:bvb:29-opus-4437 $S0 208@/01 $a25-01-07 $bl lok: 18399149 5 exp: 18399149 5 1 #EPN 201B/01 $004-03-22 $t19:27:36.100 201C/01 $004-03-22 201U/01 $0utf8 203@/01 $01184454140 204U/01 $0urn:nbn:de:bvb:29-opus-4437 $S0 208@/01 $a04-03-22 $bl lok: 18399149 8 exp: 18399149 8 1 #EPN 201B/01 $005-11-10 $t10:46:24.000 201U/01 $0utf8 203@/01 $0500218447 204U/01 $0urn:nbn:de:bvb:29-opus-4437 $S0 208@/01 $a25-01-07 $bl lok: 18399149 10 exp: 18399149 10 1 #EPN 201B/01 $005-11-10 $t10:46:24.000 201U/01 $0utf8 203@/01 $0500218455 204U/01 $0urn:nbn:de:bvb:29-opus-4437 $S0 208@/01 $a25-01-07 $bl lok: 18399149 11 exp: 18399149 11 1 #EPN 201B/01 $005-11-10 $t10:46:24.000 201U/01 $0utf8 203@/01 $0500218463 204U/01 $0urn:nbn:de:bvb:29-opus-4437 $S0 208@/01 $a25-01-07 $bl lok: 18399149 13 exp: 18399149 13 1 #EPN 201B/01 $005-11-10 $t10:46:25.000 201U/01 $0utf8 203@/01 $0500218471 204U/01 $0urn:nbn:de:bvb:29-opus-4437 $S0 208@/01 $a25-01-07 $bl lok: 18399149 21 exp: 18399149 21 1 #EPN 201B/01 $005-11-10 $t10:46:25.000 201U/01 $0utf8 203@/01 $0500218498 204U/01 $0urn:nbn:de:bvb:29-opus-4437 $S0 208@/01 $a25-01-07 $bl lok: 18399149 23 exp: 18399149 23 1 #EPN 201B/01 $005-11-10 $t10:46:25.000 201U/01 $0utf8 203@/01 $0500218501 204U/01 $0urn:nbn:de:bvb:29-opus-4437 $S0 208@/01 $a25-01-07 $bl lok: 18399149 24 exp: 18399149 24 1 #EPN 201B/01 $005-11-10 $t10:46:25.000 201U/01 $0utf8 203@/01 $050021851X 204U/01 $0urn:nbn:de:bvb:29-opus-4437 $S0 208@/01 $a25-01-07 $bl lok: 18399149 25 exp: 18399149 25 1 #EPN 201B/01 $005-11-10 $t10:46:25.000 201U/01 $0utf8 203@/01 $0500218528 204U/01 $0urn:nbn:de:bvb:29-opus-4437 $S0 208@/01 $a25-01-07 $bl lok: 18399149 36 exp: 18399149 36 1 #EPN 201B/01 $005-11-10 $t10:46:25.000 201U/01 $0utf8 203@/01 $0500218536 204U/01 $0urn:nbn:de:bvb:29-opus-4437 $S0 208@/01 $a25-01-07 $bl lok: 18399149 54 exp: 18399149 54 1 #EPN 201B/01 $010-01-20 $t14:53:42.627 201C/01 $010-01-20 201U/01 $0utf8 203@/01 $01075091071 204U/01 $0urn:nbn:de:bvb:29-opus-4437 $S0 208@/01 $a10-01-20 $bl lok: 18399149 71 exp: 18399149 71 1 #EPN 201B/01 $015-10-12 $t22:38:51.000 201U/01 $0utf8 203@/01 $0651112613 204U/01 $0urn:nbn:de:bvb:29-opus-4437 $S0 208@/01 $a15-10-12 $bl lok: 18399149 75 exp: 18399149 75 1 #EPN 201B/01 $019-05-14 $t18:01:25.953 201U/01 $0utf8 203@/01 $0732062837 204U/01 $0urn:nbn:de:bvb:29-opus-4437 $S0 208@/01 $a19-05-14 $bl lok: 18399149 107 exp: 18399149 107 1 #EPN 201B/01 $010-01-20 $t14:53:42.631 201C/01 $010-01-20 201U/01 $0utf8 203@/01 $0107509108X 204U/01 $0urn:nbn:de:bvb:29-opus-4437 $S0 208@/01 $a10-01-20 $bl lok: 18399149 204 exp: 18399149 204 1 #EPN 201B/01 $005-11-10 $t10:46:25.000 201U/01 $0utf8 203@/01 $0500218552 204U/01 $0urn:nbn:de:bvb:29-opus-4437 $S0 208@/01 $a25-01-07 $bl lok: 18399149 205 exp: 18399149 205 1 #EPN 201B/01 $005-11-10 $t10:46:25.000 201U/01 $0utf8 203@/01 $0500218560 204U/01 $0urn:nbn:de:bvb:29-opus-4437 $S0 208@/01 $a25-01-07 $bl
| LEADER | 00000cam a22000002c 4500 | ||
|---|---|---|---|
| 001 | 183991494 | ||
| 003 | DE-603 | ||
| 005 | 20250121005113.0 | ||
| 007 | cr|||||||||||| | ||
| 008 | 070125s2006 xx |||| om u00||u|ger | ||
| 015 | |a 07,H02,3989 |2 dnb | ||
| 016 | 7 | |2 DE-101 |a 981259677 | |
| 024 | 7 | |a urn:nbn:de:bvb:29-opus-4437 |2 urn | |
| 035 | |a (DE-599)DNB981259677 | ||
| 035 | |a (OCoLC)166023341 | ||
| 040 | |a DE-603 |b ger |c DE-603 |d DE-603 | ||
| 041 | |a ger | ||
| 082 | 0 | 4 | |8 1\u |a 936.301 |q DE-101 |2 22/ger |
| 084 | |a 930 |q DE-101 |2 sdnb | ||
| 084 | |a NF 2085 |0 (DE-625)125212:1207 |0 (DE-603)410861189 |2 rvk | ||
| 085 | |8 1\u |b 936.301 | ||
| 100 | 1 | |a Böhner, Utz |d 1967- |e Verfasser |4 aut |0 (DE-603)149595492 |0 (DE-588)115379576 |2 gnd | |
| 245 | 0 | 0 | |a Die Schicht E3 der Sesselfelsgrotte und die Funde aus dem Abri I am Schulerloch |b späte Micoquien-Inventare und ihre Stellung zum Moustérien |c vorgelegt von Utz Böhner |
| 264 | 0 | |c [2006] | |
| 300 | |a 1 Online-Ressource | ||
| 336 | |a Text |b txt |2 rdacontent | ||
| 337 | |a Computermedien |b c |2 rdamedia | ||
| 338 | |a Online-Ressource |b cr |2 rdacarrier | ||
| 502 | |b Dissertation |c Friedrich-Alexander-Universität Erlangen-Nürnberg |d 2000 | ||
| 650 | 7 | |a Micoquien |0 (DE-588)4466438-2 |0 (DE-603)088948005 |2 gnd | |
| 650 | 7 | |a Funde |0 (DE-588)4071507-3 |0 (DE-603)085201480 |2 gnd | |
| 651 | 7 | |a Sesselfelsgrotte |0 (DE-588)4400429-1 |0 (DE-603)088527700 |2 gnd | |
| 655 | 7 | |a Hochschulschrift |2 gnd-content |0 (DE-588)4113937-9 |0 (DE-603)085338818 | |
| 856 | |u http://www.opus.ub.uni-erlangen.de/opus/volltexte/2006/443/pdf/UtzBoehnerDissertation2006.pdf |x Verlag |z kostenfrei |s ca. 14,1 MB | ||
| 856 | |u http://www.opus.ub.uni-erlangen.de/opus/volltexte/2006/443/index.html |x Verlag |z kostenfrei | ||
| 856 | |u http://d-nb.info/981259677/34 |x Langzeitarchivierung Nationalbibliothek |z kostenfrei | ||
| 924 | 1 | |9 603 |a (DE-603)500218439 |b DE-603 |c HES |d d | |
| 924 | 1 | |9 603 |a (DE-603)1184454140 |b DE-603 |c HES |d d | |
| 924 | 1 | |9 603 |a (DE-603)500218447 |b DE-603 |c HES |d d | |
| 924 | 1 | |9 603 |a (DE-603)500218455 |b DE-603 |c HES |d d | |
| 924 | 1 | |9 603 |a (DE-603)500218463 |b DE-603 |c HES |d d | |
| 924 | 1 | |9 603 |a (DE-603)500218471 |b DE-603 |c HES |d d | |
| 924 | 1 | |9 603 |a (DE-603)500218498 |b DE-603 |c HES |d d | |
| 924 | 1 | |9 603 |a (DE-603)500218501 |b DE-603 |c HES |d d | |
| 924 | 1 | |9 603 |a (DE-603)50021851X |b DE-603 |c HES |d d | |
| 924 | 1 | |9 603 |a (DE-603)500218528 |b DE-603 |c HES |d d | |
| 924 | 1 | |9 603 |a (DE-603)500218536 |b DE-603 |c HES |d d | |
| 924 | 1 | |9 603 |a (DE-603)1075091071 |b DE-603 |c HES |d d | |
| 924 | 1 | |9 603 |a (DE-603)651112613 |b DE-603 |c HES |d d | |
| 924 | 1 | |9 603 |a (DE-603)732062837 |b DE-603 |c HES |d d | |
| 924 | 1 | |9 603 |a (DE-603)107509108X |b DE-603 |c HES |d d | |
| 924 | 1 | |9 603 |a (DE-603)500218552 |b DE-603 |c HES |d d | |
| 924 | 1 | |9 603 |a (DE-603)500218560 |b DE-603 |c HES |d d | |


